|
|
|
|
| LEADER |
00000nam0a2200000 4500 |
| 001 |
112831 |
| 005 |
20231031121609.0 |
| 035 |
|
|
|a (RuTPU)RU\TPU\book\122002
|
| 090 |
|
|
|a 112831
|
| 100 |
|
|
|a 20070403d1968 m y0rusy50 ca
|
| 101 |
0 |
|
|a rus
|
| 102 |
|
|
|a RU
|
| 105 |
|
|
|a a z 001zy
|
| 200 |
1 |
|
|a Дети в мировой живописи
|e [альбом репродукций]
|f М. Н. Мерцалова
|
| 210 |
|
|
|a Москва
|c Искусство
|d 1968
|
| 215 |
|
|
|a 144 с.
|c ил.
|
| 320 |
|
|
|a Список иллюстраций: с. 142-144.
|
| 610 |
1 |
|
|a живопись
|
| 610 |
1 |
|
|a альбомы
|
| 610 |
1 |
|
|a изобразительное искусство
|
| 675 |
|
|
|a 73/76(084)
|v 3
|
| 700 |
|
1 |
|a Мерцалова
|b М. Н.
|g Мария Николаевна
|
| 801 |
|
1 |
|a RU
|b 63413507
|c 20070403
|g PSBO
|
| 801 |
|
2 |
|a RU
|b 63413507
|c 20080212
|g PSBO
|
| 942 |
|
|
|c BK
|